01610cam a22003134a 450000100090000000300110000900500170002000800410003701000170007802000150009502000180011003500230012803500200015103500180017104000180018905000220020708200170022924501370024625000110038326000460039430000210044050400410046150504410050260000610094365001200100470000260112470000220115077601240117210292374BNMJGDAXCV20220326193257.0060130s2005 cr b 000 0 spa  a 2006353624 a9968983578 a9789968983570 a(OCoLC)ocm65644722 a(OCoLC)65644722 a(NNC)10292374 aDLCbengcDLC00aPQ6352b.E56 2005 a863.32bE44e00aElogios para un caballero derrotado :bseis ensayos sobre el Quijote /cAlexander Jiménez, editor ; Jorge Chen Sham ... [et al.] . a1a ed. aSan José :bEditorial Arlekín,c2005. a132 p. ;c21 cm. aIncludes bibliographical references.0 aRecepción primera y estímulos socio-históricos en el Quijote / Jorge Chen Sham -- El Quijote cuatrocientos años después / Ali Viquez Jiménez -- La locura de Don Quijote y del Rey Lear / Ana Lucia Fonseca Ramírez -- Encantadores me persiguen : autoengaño y ficción de Don Quijote / Rafael Angel Herra -- Don Quijote : voluntad y representación / Roberto Murillo -- Don Quijote y sus salidas / Sergio E. Rojas Peralta.10aCervantes Saavedra, Miguel de,d1547-1616.tDon Quixote. aCervantes Saavedra, Miguel de. 1547-1616. Don Quijote de la Manchaxensayos, conferenciasxcritica e interpretacion1 aJiménez, Alexander.1 aChen Sham, Jorge.08iOnline version:tElogios para un caballero derrotado.b1a ed.dSan José : Editorial Arlekín, 2005w(OCoLC)768018677